Modern principles of organic chemistry (Record no. 15243)

000 -LEADER
fixed length control field 00505nam a22001937a 4500
001 - CONTROL NUMBER
control field 15243
003 - CONTROL NUMBER IDENTIFIER
control field BD-DhUET
008 - FIXED-LENGTH DATA ELEMENTS--GENERAL INFORMATION
fixed length control field 150311b xxu||||| |||| 00| 0 eng d
040 ## - CATALOGING SOURCE
Transcribing agency DLC
Modifying agency BD-DhUET
Original cataloging agency DLC
082 ## - DEWEY DECIMAL CLASSIFICATION NUMBER
Classification number 547
Item number KIC/1965
100 ## - MAIN ENTRY--PERSONAL NAME
Personal name Kice, John L.
245 ## - TITLE STATEMENT
Title Modern principles of organic chemistry
Remainder of title an introduction
250 ## - EDITION STATEMENT
Edition statement 1st ed.
260 ## - PUBLICATION, DISTRIBUTION, ETC. (IMPRINT)
Place of publication, distribution, etc. London
Name of publisher, distributor, etc. The Macmillan
Date of publication, distribution, etc. 1965
300 ## - PHYSICAL DESCRIPTION
Extent ix, 449 p.
Other physical details ill.
650 #0 - SUBJECT ADDED ENTRY--TOPICAL TERM
Topical term or geographic name as entry element Organic chemistry
700 ## - ADDED ENTRY--PERSONAL NAME
Personal name Marvell, Elliot N.
942 ## - ADDED ENTRY ELEMENTS (KOHA)
Koha item type General Book
Holdings
Koha normalized classification for sorting Date acquired Piece designation (barcode) Shelving location Lost status Koha item type Not for loan Withdrawn status Sublocation or collection (holding branch) Koha date last seen Copy number Damaged status Koha full call number Price effective from Source of classification or shelving scheme Location (home branch)
547_000000000000000_KIC_19652015-03-1183434Circulation section General Book  Central Library, BUET2015-03-111 547/KIC/19652015-03-11 Central Library, BUET
547_000000000000000_KIC_19652015-03-1239769Circulation section General Book  Central Library, BUET2015-03-122 547/KIC/19652015-03-12 Central Library, BUET